[Event "GER-ch U18 sf Berlin Online"]
[Site "Playchess.com INT"]
[Date "2020.05.01"]
[Round "13"]
[White "Stein, Daniel3333"]
[Black "Kleemann, Philipp"]
[Result "1-0"]
[WhiteElo "1194"]
[BlackElo "1618"]
[PlyCount "105"]
[EventDate "2020.05.01"]
[EventType "swiss (blitz)"]
[EventRounds "13"]
[EventCountry "GER"]
[SourceTitle "CBM 195 Extra"]
[Source "ChessBase"]
[SourceDate "2020.05.31"]
[SourceVersion "1"]
[SourceVersionDate "2020.05.31"]
[SourceQuality "1"]

1. e4 d5 2. exd5 Qxd5 3. Nc3 Qa5 4. Nf3 c6 5. d4 Nf6 6. Bc4 Bg4 7. 0-0 e6 8. Bf4 Nbd7 9. Re1 Bb4 10. Qd3 Bxc3 11. bxc3 0-0 12. Rad1 b5 13. Bb3 Rad8 14. Qe2 Qxc3 15. h3 Bxf3 16. Qxf3 Qxf3 17. gxf3 Nd5 18. c4 Nxf4 19. cxb5 cxb5 20. d5 exd5 21. Bxd5 Nxh3+ 22. Kg2 Nf4+ 23. Kg1 Nxd5 24. Rxd5 a6 25. Red1 Nf6 26. Rxd8 Nd7 27. R8xd7 g6 28. Rd8 Rxd8 29. Rxd8+ Kg7 30. Ra8 Kf6 31. Rxa6+ Kf5 32. Kg2 h5 33. Ra7 f6 34. a4 bxa4 35. Rxa4 g5 36. Ra5+ Kg6 37. Kg3 h4+ 38. Kg4 Kh6 39. f4 gxf4 40. Kxf4 h3 41. Kg3 h2 42. Kxh2 Kg6 43. Kh3 Kh6 44. Kg4 Kg6 45. f4 Kg7 46. f5 Kf7 47. Ra6 Ke8 48. Ra7 Kf8 49. Kh5 Kg8 50. Kg6 Kf8 51. Kxf6 Ke8 52. Rb7 Kf8 53. Rb8# 1-0

[Event "GER-ch U18 sf Berlin Online"]
[Site "Playchess.com INT"]
[Date "2020.05.01"]
[Round "6"]
[White "Stepanjan, Marianne"]
[Black "Kleemann, Philipp"]
[Result "0-1"]
[WhiteElo "1620"]
[BlackElo "1618"]
[PlyCount "71"]
[EventDate "2020.05.01"]
[EventType "swiss (blitz)"]
[EventRounds "13"]
[EventCountry "GER"]
[SourceTitle "CBM 195 Extra"]
[Source "ChessBase"]
[SourceDate "2020.05.31"]
[SourceVersion "1"]
[SourceVersionDate "2020.05.31"]
[SourceQuality "1"]

1. e4 e5 2. Nf3 d6 3. d4 exd4 4. Nxd4 Be7 5. Nc3 Nf6 6. Be3 0-0 7. Be2 Bd7 8. Qd2 Nc6 9. 0-0-0 a6 10. g4 Bxg4 11. f3 Bd7 12. Rhg1 Re8 13. Bh6 g6 14. f4 Nxd4 15. Qxd4 c5 16. Qd2 b5 17. f5 b4 18. Nd5 Nxe4 19. Nxe7+ Qxe7 20. Qd3 Nf2 21. Qg3 Nxd1 22. Bxd1 Bxf5 23. h4 Qe5 24. Qg2 a5 25. h5 a4 26. hxg6 fxg6 27. Bf3 Rac8 28. Bd5+ Be6 29. Bxe6+ Qxe6 30. Qg5 Qe7 31. Qg4 Qe4 32. Qg3 Qe5 33. Qg4 Qf5 34. Qc4+ Qf7 35. Rf1 Qxc4 36. Rf6 0-1